Software Engineering 9th Edition 2023 (Record no. 20607)

MARC details
000 -LEADER
fixed length control field 00389nam a22001337a 4500
008 - FIXED-LENGTH DATA ELEMENTS--GENERAL INFORMATION
fixed length control field 240405b |||||||| |||| 00| 0 eng d
020 ## - INTERNATIONAL STANDARD BOOK NUMBER
ISBN 978-93-5532-504-4
100 ## - MAIN ENTRY--AUTHOR NAME
Personal name R. S. Pressman & B. R. Maxim
245 ## - TITLE STATEMENT
Title Software Engineering 9th Edition 2023
250 ## - EDITION STATEMENT
Edition statement 9th Edition 2023
260 ## - PUBLICATION, DISTRIBUTION, ETC. (IMPRINT)
Place of publication Chennai
Name of publisher McGraw-Hill Education (India) Pvt. Ltd.
Year of publication 2023
300 ## - PHYSICAL DESCRIPTION
Number of Pages 676
942 ## - ADDED ENTRY ELEMENTS (KOHA)
Source of classification or shelving scheme Dewey Decimal Classification
Koha item type Books
Holdings
Accession Number Bill Date Source of acquisition Price effective from Koha item type Withdrawn / writtenoff status Damaged status Not for loan Permanent Location Current Location Shelving location Date acquired Lost/ Missing status department
BE 24818 31-3-2024 RKB, Jammu 04/05/2024 Books     Not For Loan MIET Library, Jammu MIET Library, Jammu 116/3 04/03/2024   BE